[Event "Lichtenrader Herbst 2014"]
[Site "Berlin-Lichtenrade"]
[Date "2014.10.24"]
[Round "7.17"]
[White "Schmidek, Emil"]
[Black "Kutschke, Jens"]
[Result "1/2-1/2"]
[WhiteElo "2108"]
[BlackElo "2008"]
[PlyCount "116"]
[EventDate "2014.??.??"]

1. e4 e6 2. d4 d5 3. Nc3 Bb4 4. e5 c5 5. a3 Bxc3+ 6. bxc3 Ne7 7. Qg4 Qc7 8.
Qxg7 Rg8 9. Qxh7 cxd4 10. Ne2 Nbc6 11. f4 dxc3 12. Qd3 Nf5 13. g4 Rxg4 14. Bh3
Rg8 15. Bxf5 exf5 16. Nxc3 Qa5 17. Kd1 Be6 18. Rb1 O-O-O 19. Nb5 Rd7 20. Bd2
Qa4 21. Qc3 d4 22. Qc5 d3 23. Kc1 Qxc2+ 24. Qxc2 dxc2 25. Kxc2 Bd5 26. Nd6+
Rxd6 27. exd6 Bxh1 28. Rxh1 Kd7 29. h4 Rh8 30. Bc3 Rh6 31. Bg7 Rg6 32. Bh8 Rxd6
33. h5 Rh6 34. Bg7 Rh7 35. h6 Nd8 36. Rh5 Ke6 37. Kc3 Ke7 38. Rxf5 Ne6 39. Re5
f6 40. Re2 Kf7 41. Rb2 b6 42. a4 Nxg7 43. hxg7 Rxg7 44. a5 bxa5 45. Ra2 Kg6 46.
Rg2+ Kf7 47. Ra2 Ke6 48. Rxa5 Rd7 49. Kc4 Kf7 50. f5 Kg7 51. Ra6 Re7 52. Kd4
Re5 53. Kd3 Rxf5 54. Rxa7+ Kg6 55. Ke4 Rf1 56. Ke3 f5 57. Ke2 Rb1 58. Kf3 Rb3+
1/2-1/2

[Event "Lichtenrader Herbst 2014"]
[Site "Berlin-Lichtenrade"]
[Date "2014.10.24"]
[Round "7.18"]
[White "Flohr, Dennis"]
[Black "Bolk, Matthias"]
[Result "1/2-1/2"]
[WhiteElo "1853"]
[BlackElo "2095"]
[PlyCount "27"]
[EventDate "2014.??.??"]

1. d4 c5 2. e3 g6 3. c3 d6 4. dxc5 dxc5 5. Qxd8+ Kxd8 6. e4 Nc6 7. Be3 e5 8.
Na3 a6 9. Nc4 Kc7 10. f4 f6 11. fxe5 Nxe5 12. Nxe5 fxe5 13. Nf3 Bd6 14. Ng5
1/2-1/2

[Event "Lichtenrader Herbst 2014"]
[Site "Berlin-Lichtenrade"]
[Date "2014.10.24"]
[Round "7.19"]
[White "Gebigke, Martin"]
[Black "Rogozenco, Teodora"]
[Result "1-0"]
[WhiteElo "2162"]
[BlackElo "1974"]
[PlyCount "47"]
[EventDate "2014.??.??"]

1. e4 c5 2. Nf3 d6 3. d4 Nf6 4. Nc3 cxd4 5. Nxd4 g6 6. Be3 Bg7 7. Be2 Nc6 8.
O-O O-O 9. Nb3 b6 10. Kh1 Bb7 11. f4 Rc8 12. a3 Qc7 13. Qe1 Rfd8 14. Rd1 e5 15.
f5 Nb8 16. Qh4 d5 17. Bg5 Nbd7 18. exd5 Ne8 19. Bxd8 Rxd8 20. fxg6 hxg6 21. d6
Qb8 22. Rxf7 Kxf7 23. Bc4+ Kf8 24. Qe7# 1-0

[Event "Lichtenrader Herbst 2014"]
[Site "Berlin-Lichtenrade"]
[Date "2014.10.24"]
[Round "7.20"]
[White "Thesing, Ansgar"]
[Black "Kreutzkamp, Hans-Rudolf"]
[Result "1/2-1/2"]
[WhiteElo "1949"]
[BlackElo "2195"]
[PlyCount "73"]
[EventDate "2014.??.??"]

1. f4 d5 2. Nf3 Nf6 3. g3 c5 4. Bg2 Nc6 5. O-O e6 6. d3 Be7 7. c3 Qc7 8. Qc2
O-O 9. e4 b6 10. e5 Ne8 11. Na3 Ba6 12. b3 Rc8 13. Re1 g6 14. g4 Ng7 15. g5 b5
16. Nb1 b4 17. c4 dxc4 18. dxc4 Bb7 19. Be3 Rfd8 20. Nbd2 Nf5 21. Ne4 Ncd4 22.
Bxd4 Nxd4 23. Nxd4 Rxd4 24. Rad1 Rcd8 25. Rxd4 Rxd4 26. Rd1 Qd7 27. Nd6 Bxg2
28. Rxd4 cxd4 29. Kxg2 Bxd6 30. exd6 Qxd6 31. Kf3 d3 32. Qd2 Qd4 33. Qe3 Qc3
34. Qe5 d2+ 35. Ke2 Qc1 36. Qb8+ Kg7 37. Qe5+ 1/2-1/2

[Event "Lichtenrader Herbst 2014"]
[Site "Berlin-Lichtenrade"]
[Date "2014.10.25"]
[Round "8.1"]
[White "Danin, Alexandre"]
[Black "Perunovic, Milos"]
[Result "1/2-1/2"]
[WhiteElo "2564"]
[BlackElo "2620"]
[PlyCount "50"]
[EventDate "2014.??.??"]

1. e4 c5 2. Nf3 Nc6 3. d4 cxd4 4. Nxd4 e6 5. Nc3 Qc7 6. Be3 a6 7. Be2 b5 8.
Nxc6 Qxc6 9. O-O Bb7 10. Bf3 Qc7 11. e5 Rc8 12. Bxb7 Qxb7 13. Qd3 Ne7 14. a4 b4
15. Ne4 Nf5 16. c4 bxc3 17. bxc3 Be7 18. Rab1 Qd5 19. Qxd5 exd5 20. Ng3 Nxe3
21. fxe3 O-O 22. Nf5 Rfe8 23. Rfd1 g6 24. Nxe7+ Rxe7 25. Rxd5 Rxc3 1/2-1/2

[Event "Lichtenrader Herbst 2014"]
[Site "Berlin-Lichtenrade"]
[Date "2014.10.25"]
[Round "8.2"]
[White "Kurayan, Ruslan"]
[Black "Kovalev, Andrei"]
[Result "1/2-1/2"]
[WhiteElo "2404"]
[BlackElo "2475"]
[PlyCount "81"]
[EventDate "2014.??.??"]

1. e4 c5 2. Nf3 e6 3. d4 cxd4 4. Nxd4 a6 5. Nc3 Qc7 6. Bd3 Nc6 7. Nxc6 bxc6 8.
O-O Nf6 9. f4 d5 10. Qf3 Bb7 11. f5 e5 12. Bg5 Bb4 13. Kh1 Bxc3 14. bxc3 dxe4
15. Bxe4 Nxe4 16. Qxe4 c5 17. Qc4 f6 18. Be3 O-O-O 19. Rfd1 Rhe8 20. Kg1 Qc6
21. Qxc5 Qxc5 22. Bxc5 Be4 23. Rxd8+ Rxd8 24. Rf1 h5 25. Rf2 Rd1+ 26. Rf1 Rd7
27. Rf2 Kc7 28. g3 Kc6 29. Bf8 a5 30. c4 Rf7 31. Ba3 Rc7 32. Bf8 Rf7 33. Ba3 g6
34. fxg6 Bxg6 35. Rd2 Rd7 36. Rxd7 Kxd7 37. Bc5 Bxc2 38. a3 Bd3 39. Bb6 a4 40.
h4 Bxc4 41. Kf2 1/2-1/2

[Event "Lichtenrader Herbst 2014"]
[Site "Berlin-Lichtenrade"]
[Date "2014.10.25"]
[Round "8.3"]
[White "Meister, Jakob"]
[Black "Milanovic, Danilo"]
[Result "1/2-1/2"]
[WhiteElo "2466"]
[BlackElo "2485"]
[PlyCount "84"]
[EventDate "2014.??.??"]

1. d4 Nf6 2. Bf4 c5 3. dxc5 Na6 4. Qd4 Qa5+ 5. Nc3 Nxc5 6. Bd2 Qb6 7. Nf3 e6 8.
O-O-O Nce4 9. Nxe4 Qxd4 10. Nxd4 Nxe4 11. Be1 a6 12. f3 Nf6 13. e4 d5 14. exd5
Nxd5 15. Bf2 Bd7 16. Bc4 Nf6 17. Rhe1 Rc8 18. Bf1 Bc5 19. Bh4 Be7 20. Kb1 g6
21. f4 Nh5 22. Bxe7 Kxe7 23. f5 Rc5 24. fxe6 fxe6 25. c4 Rf8 26. Rd2 Ng7 27. b4
Rc7 28. c5 a5 29. a3 axb4 30. axb4 b6 31. cxb6 Rb7 32. Red1 Rxb6 33. Nf5+ Nxf5
34. Rxd7+ Kf6 35. b5 h5 36. Bd3 Rc8 37. Rf1 Ke5 38. Ka2 Nd6 39. Re1+ Kf6 40.
Rf1+ Ke5 41. Re1+ Kf6 42. Rf1+ Ke5 1/2-1/2

[Event "Lichtenrader Herbst 2014"]
[Site "Berlin-Lichtenrade"]
[Date "2014.10.25"]
[Round "8.4"]
[White "Lerch, Philipp"]
[Black "Stopa, Jacek"]
[Result "0-1"]
[WhiteElo "2297"]
[BlackElo "2515"]
[PlyCount "48"]
[EventDate "2014.??.??"]

1. c4 e6 2. g3 d5 3. d4 Nf6 4. Nf3 c6 5. Bg2 Nbd7 6. Nbd2 g6 7. b3 Qa5 8. O-O
Bg7 9. Qc2 O-O 10. Bb2 b5 11. a4 bxc4 12. bxc4 Ba6 13. Ba3 Rfc8 14. Rfc1 c5 15.
Nb3 Qd8 16. cxd5 cxd4 17. Qd2 e5 18. Rc6 Ne4 19. Qc2 f5 20. e3 d3 21. Qc1 Nb6
22. Bb2 Qxd5 23. Rxc8+ Rxc8 24. Qd1 Rc2 0-1

[Event "Lichtenrader Herbst 2014"]
[Site "Berlin-Lichtenrade"]
[Date "2014.10.25"]
[Round "8.5"]
[White "Sawlin, Leonid"]
[Black "Kalinitschew, Sergey"]
[Result "0-1"]
[WhiteElo "2143"]
[BlackElo "2389"]
[PlyCount "96"]
[EventDate "2014.??.??"]

1. e4 c5 2. Nf3 d6 3. Bb5+ Nc6 4. c3 Nf6 5. Qe2 e6 6. d4 cxd4 7. Nxd4 Qc7 8.
O-O Be7 9. Bd3 O-O 10. f4 e5 11. Nb5 Qd8 12. c4 a6 13. N5c3 Nd4 14. Qe1 b5 15.
b3 bxc4 16. bxc4 Nd7 17. Nd5 Nc5 18. Qd1 exf4 19. Bxf4 Bg5 20. Bg3 Nc6 21. Nbc3
Ne5 22. Be2 Rb8 23. Qc2 Be6 24. Rad1 Kh8 25. Kh1 f6 26. Bf2 Qa5 27. Rb1 Rxb1
28. Rxb1 f5 29. Bxc5 dxc5 30. Rf1 f4 31. Qa4 Qxa4 32. Nxa4 Bxd5 33. cxd5 c4 34.
Nc5 Rb8 35. Ne6 Bh6 36. d6 c3 37. Nd4 Rb2 38. Bc4 Rd2 39. Nf3 Nxc4 40. Nxd2
cxd2 41. Rd1 Bg5 42. e5 f3 43. h4 Bxh4 44. gxf3 Bg5 45. d7 Kg8 46. f4 Bd8 47.
Kh2 Kf8 48. f5 Ne3 0-1

[Event "Lichtenrader Herbst 2014"]
[Site "Berlin-Lichtenrade"]
[Date "2014.10.25"]
[Round "8.7"]
[White "Giemsa, Stephan"]
[Black "Gebigke, Martin"]
[Result "1-0"]
[WhiteElo "2331"]
[BlackElo "2162"]
[PlyCount "69"]
[EventDate "2014.??.??"]

1. d4 Nf6 2. c4 e6 3. g3 d5 4. Nf3 dxc4 5. Bg2 Bb4+ 6. Bd2 a5 7. Qc2 Bxd2+ 8.
Qxd2 b5 9. Qg5 Nd5 10. Qxg7 Qf6 11. Qxf6 Nxf6 12. a4 c6 13. Ne5 Nd5 14. axb5
cxb5 15. Nc3 Ra6 16. Nxb5 O-O 17. Nxc4 Bd7 18. Nba3 Nc6 19. e3 Rb8 20. O-O a4
21. e4 Nb6 22. Rfd1 Nxc4 23. Nxc4 Rb4 24. Rac1 Ra7 25. Rd2 Kg7 26. d5 exd5 27.
exd5 Nb8 28. Ne5 Rab7 29. Nxd7 Nxd7 30. Rcc2 Rb8 31. f4 Nf6 32. Bf3 R4b6 33. d6
Rd8 34. Bc6 Rc8 35. d7 1-0

[Event "Lichtenrader Herbst 2014"]
[Site "Berlin-Lichtenrade"]
[Date "2014.10.25"]
[Round "8.8"]
[White "Parligras, Cosmin"]
[Black "Krefenstein, Sergej"]
[Result "1/2-1/2"]
[WhiteElo "2261"]
[BlackElo "2102"]
[PlyCount "62"]
[EventDate "2014.??.??"]

1. d4 Nf6 2. Nf3 g6 3. g3 c5 4. d5 Bg7 5. Bg2 O-O 6. O-O b5 7. c4 Bb7 8. Nc3 a6
9. Re1 d6 10. e4 Nbd7 11. cxb5 axb5 12. Nxb5 Ba6 13. Nc3 Ng4 14. Bf4 Qa5 15.
Qd2 Rfb8 16. Rac1 Nde5 17. Bxe5 Nxe5 18. Nxe5 Bxe5 19. Bf1 Bxf1 20. Kxf1 Bxc3
21. bxc3 Qxa2 22. Qxa2 Rxa2 23. Re2 Rbb2 24. Rce1 Kg7 25. f3 Rd2 26. Kf2 Rac2
27. Rxd2 Rxd2+ 28. Re2 Rd1 29. Re1 Rd3 30. Re3 Rd2+ 31. Re2 Rd1 1/2-1/2

[Event "Lichtenrader Herbst 2014"]
[Site "Berlin-Lichtenrade"]
[Date "2014.10.25"]
[Round "8.9"]
[White "Rietze, Clemens"]
[Black "Gebert-Vangeel, Ralf"]
[Result "1-0"]
[WhiteElo "2251"]
[BlackElo "2023"]
[PlyCount "81"]
[EventDate "2014.??.??"]

1. e4 e5 2. Nf3 Nc6 3. Bb5 Nd4 4. Nxd4 exd4 5. O-O Bc5 6. b4 Bb6 7. Bb2 Ne7 8.
d3 c6 9. Ba4 d5 10. Nd2 O-O 11. Re1 a5 12. bxa5 Rxa5 13. Bb3 Ng6 14. exd5 cxd5
15. g3 Qg5 16. Kh1 Bg4 17. f3 Bh3 18. Qe2 Raa8 19. f4 Qf5 20. Qf2 Bc7 21. Qxd4
f6 22. Qxd5+ Kh8 23. Qxf5 Bxf5 24. Nc4 h5 25. Ne3 Bh3 26. Bd5 Ba5 27. c3 Rad8
28. Rad1 Ne7 29. Bf3 Bg4 30. Nxg4 hxg4 31. Bxb7 Nf5 32. Re2 Rf7 33. Be4 Nd6 34.
Bd5 Rc7 35. c4 Nf5 36. d4 Rb8 37. Ba1 Ne7 38. Be6 Rcb7 39. Rc2 f5 40. d5 Kh7
41. Be5 1-0

[Event "Lichtenrader Herbst 2014"]
[Site "Berlin-Lichtenrade"]
[Date "2014.10.25"]
[Round "8.10"]
[White "Major, Vitalij"]
[Black "Noetzel, Felix"]
[Result "1-0"]
[WhiteElo "2202"]
[BlackElo "2092"]
[PlyCount "95"]
[EventDate "2014.??.??"]

1. d4 d5 2. c4 e6 3. Nf3 c6 4. e3 f5 5. Nc3 Nf6 6. Qc2 Bd6 7. Be2 O-O 8. O-O
Ne4 9. Ne5 Nd7 10. f3 Nxc3 11. Qxc3 Nxe5 12. dxe5 Be7 13. Bd2 Bd7 14. b4 Rc8
15. Qb3 g5 16. cxd5 cxd5 17. Rac1 Qb6 18. Kh1 Bb5 19. Bd3 Qa6 20. Bxb5 Qxb5 21.
a4 Qd7 22. b5 Rxc1 23. Rxc1 Rc8 24. Rxc8+ Qxc8 25. Kg1 Qc5 26. Kf1 Kf7 27. Qc3
Qxc3 28. Bxc3 g4 29. Ke2 Kg6 30. f4 Kf7 31. Bd4 a6 32. Kd3 Ke8 33. Bb6 Kd7 34.
Kd4 Ba3 35. Bc5 Bb2+ 36. Kd3 Kc7 37. Kc2 Ba1 38. Kb3 axb5 39. axb5 h5 40. Kc2
h4 41. h3 Kd7 42. Bb4 Kc7 43. Ba5+ b6 44. Bb4 d4 45. Kb1 Bc3 46. Bxc3 dxc3 47.
Kc2 Kd7 48. Kxc3 1-0

[Event "Lichtenrader Herbst 2014"]
[Site "Berlin-Lichtenrade"]
[Date "2014.10.25"]
[Round "8.11"]
[White "Federau, Juergen"]
[Black "Schnabel, Ralf"]
[Result "1/2-1/2"]
[WhiteElo "2186"]
[BlackElo "2205"]
[PlyCount "60"]
[EventDate "2014.??.??"]

1. d4 f5 2. g3 Nf6 3. Bg2 g6 4. Nf3 Bg7 5. O-O d6 6. b3 O-O 7. Bb2 Qe8 8. c4
Na6 9. Qc2 c6 10. Nbd2 Rb8 11. Rac1 h6 12. a3 Nc7 13. b4 g5 14. c5 Be6 15. Nc4
Rd8 16. Nfd2 Qh5 17. Qd1 Bd5 18. e3 Qf7 19. f4 Qe6 20. Re1 Bxg2 21. Kxg2 Ncd5
22. Qe2 Ne4 23. Nxe4 fxe4 24. Kh1 g4 25. Rf1 Nf6 26. Rg1 Kf7 27. h3 Rd7 28. h4
h5 29. Rgf1 Qf5 30. Kg2 Kg6 1/2-1/2

[Event "Lichtenrader Herbst 2014"]
[Site "Berlin-Lichtenrade"]
[Date "2014.10.25"]
[Round "8.12"]
[White "Stigar, Petter"]
[Black "Shapiro, Yosip"]
[Result "1/2-1/2"]
[WhiteElo "2225"]
[BlackElo "2047"]
[PlyCount "70"]
[EventDate "2014.??.??"]

1. c4 c5 2. Nf3 Nf6 3. Nc3 Nc6 4. g3 g6 5. Bg2 Bg7 6. O-O d6 7. d4 cxd4 8. Nxd4
Bd7 9. Nc2 O-O 10. b3 a6 11. Bb2 Rb8 12. Nd5 Nxd5 13. Bxg7 Kxg7 14. cxd5 Ne5
15. Qd4 f6 16. f4 Ng4 17. h3 Nh6 18. g4 Qa5 19. Qb4 Qxb4 20. Nxb4 Rfc8 21. Rac1
Bb5 22. a4 Bd7 23. Nd3 Nf7 24. Kf2 a5 25. Rxc8 Rxc8 26. Rc1 Rxc1 27. Nxc1 b5
28. axb5 Bxb5 29. Be4 Nd8 30. Bd3 Bd7 31. Bc4 h5 32. Kf3 hxg4+ 33. hxg4 g5 34.
e3 Nf7 35. Nd3 Kf8 1/2-1/2

[Event "Lichtenrader Herbst 2014"]
[Site "Berlin-Lichtenrade"]
[Date "2014.10.25"]
[Round "8.13"]
[White "Dimitrijeski, Kristian"]
[Black "Kirchhof, Arno"]
[Result "1-0"]
[WhiteElo "2202"]
[BlackElo "2053"]
[PlyCount "131"]
[EventDate "2014.??.??"]

1. d4 d5 2. c4 e6 3. Nc3 Be7 4. Nf3 Nf6 5. cxd5 exd5 6. Bg5 c6 7. Qc2 g6 8. e3
Bf5 9. Bd3 Bxd3 10. Qxd3 Nbd7 11. Bh6 Bf8 12. Bxf8 Kxf8 13. b4 a6 14. a4 Kg7
15. O-O Qe7 16. b5 axb5 17. axb5 Ra3 18. bxc6 bxc6 19. Nxd5 Rxd3 20. Nxe7 c5
21. Nc6 cxd4 22. Ncxd4 Rb8 23. Ra7 Rc3 24. g4 Nc5 25. g5 Nfe4 26. Rc7 Rb7 27.
Ne6+ Nxe6 28. Rxb7 N4xg5 29. Nxg5 Nxg5 30. Ra1 Rc6 31. Kg2 Rf6 32. Raa7 h5 33.
Re7 Ne6 34. Ra5 Kf8 35. Rb7 Kg7 36. h4 Kh6 37. f4 Kg7 38. Kf3 Kh6 39. Rb8 Kg7
40. Rc8 Rf5 41. Rxf5 gxf5 42. e4 fxe4+ 43. Kxe4 Nf8 44. Rc5 Kh6 45. Rc6+ Kg7
46. f5 Nd7 47. Kf4 f6 48. Rc7 Kh6 49. Rc6 Kg7 50. Re6 Kf7 51. Ra6 Kg7 52. Ra7
Kh6 53. Ke4 Ne5 54. Kd5 Nf3 55. Ra4 Ne5 56. Ke6 Ng4 57. Kf7 Kh7 58. Ra8 Nf2 59.
Kxf6 Ne4+ 60. Ke7 Ng3 61. f6 Nf5+ 62. Ke6 Nxh4 63. f7 Ng6 64. f8=Q Nxf8+ 65.
Rxf8 h4 66. Rf4 1-0

[Event "Lichtenrader Herbst 2014"]
[Site "Berlin-Lichtenrade"]
[Date "2014.10.25"]
[Round "8.14"]
[White "Witte, Ronald"]
[Black "Lagunow, Raphael"]
[Result "1/2-1/2"]
[WhiteElo "2053"]
[BlackElo "2205"]
[PlyCount "122"]
[EventDate "2014.??.??"]

1. d4 Nf6 2. c4 g6 3. Nc3 Bg7 4. e4 d6 5. Nf3 O-O 6. Be2 c5 7. d5 Na6 8. O-O e5
9. Ne1 Ne8 10. a3 f5 11. f3 f4 12. Nd3 g5 13. b4 b6 14. Rb1 h5 15. h3 Rf6 16.
Bd2 Rg6 17. Nf2 Nf6 18. Na4 Bd7 19. bxc5 Nxc5 20. Nxc5 dxc5 21. Bc3 Ne8 22. a4
Nd6 23. Qb3 g4 24. fxg4 hxg4 25. Bxg4 Bxg4 26. Nxg4 Nxe4 27. Qc2 Rxg4 28. Qxe4
Rg3 29. Bd2 Qd6 30. Rf3 Rxf3 31. Qxf3 Qg6 32. Re1 Qc2 33. d6 Rd8 34. Qd5+ Kh7
35. a5 Qg6 36. d7 Qf5 37. axb6 axb6 38. Bc3 Rxd7 39. Qc6 Rd3 40. Bb2 Rb3 41.
Ba1 Rb1 42. Bc3 Rxe1+ 43. Bxe1 Qb1 44. Kf2 Qc2+ 45. Kf3 Qxc4 46. Qxb6 Qf1+ 47.
Bf2 Qd3+ 48. Kg4 c4 49. Qe6 c3 50. Be1 Qe2+ 51. Kg5 Qxg2+ 52. Kh5 Qf3+ 53. Kg5
Qd3 54. Bxc3 Qg3+ 55. Kh5 Qf3+ 56. Kg5 Qe4 57. Qf5+ Qxf5+ 58. Kxf5 Kg8 59. Bd2
f3 60. Be3 Bh6 61. Bf2 Bf4 1/2-1/2

[Event "Lichtenrader Herbst 2014"]
[Site "Berlin-Lichtenrade"]
[Date "2014.10.25"]
[Round "8.15"]
[White "Richter, Goetz"]
[Black "Kierzek, Matthias"]
[Result "1-0"]
[WhiteElo "2052"]
[BlackElo "2224"]
[PlyCount "113"]
[EventDate "2014.??.??"]

1. e4 c6 2. d4 d5 3. Nc3 dxe4 4. Nxe4 Bf5 5. Ng3 Bg6 6. Nf3 Nd7 7. h4 h6 8. h5
Bh7 9. Bd3 Bxd3 10. Qxd3 e6 11. Bd2 Ngf6 12. O-O-O Be7 13. Kb1 O-O 14. Ne4 Nxe4
15. Qxe4 Nf6 16. Qe2 Qd5 17. Ne5 Rfd8 18. Rhe1 b5 19. g4 c5 20. Qxb5 cxd4 21.
Qxd5 Rxd5 22. f3 Rc8 23. Re2 Rb5 24. Be1 Bd6 25. Nd3 Nd5 26. Ka1 Bf4 27. Nxf4
Nxf4 28. Red2 e5 29. Bg3 Ne6 30. Rc1 f6 31. Rd3 Nc5 32. Ra3 a5 33. c4 Ne6 34.
Be1 Ng5 35. Bxa5 Rbc5 36. b4 Rxc4 37. Rxc4 Rxc4 38. b5 Rc8 39. Rb3 Ne6 40. Bb4
Kf7 41. a4 Rb8 42. Ka2 Ke8 43. Bd6 Ra8 44. Ka3 Kd7 45. Bb4 Nc7 46. Bd2 Rb8 47.
Kb4 Na6+ 48. Kc4 Rc8+ 49. Kd5 Nc7+ 50. Ke4 Ne6 51. Kf5 Nc5 52. Ra3 Nb7 53. Kg6
Rc2 54. Bb4 Rc4 55. Rb3 Ke6 56. a5 d3 57. a6 1-0

[Event "Lichtenrader Herbst 2014"]
[Site "Berlin-Lichtenrade"]
[Date "2014.10.25"]
[Round "8.16"]
[White "Buttkus, Andre"]
[Black "Schmidek, Emil"]
[Result "1/2-1/2"]
[WhiteElo "2044"]
[BlackElo "2108"]
[PlyCount "64"]
[EventDate "2014.??.??"]

1. c4 Nf6 2. g3 g6 3. Bg2 Bg7 4. Nc3 O-O 5. Nf3 d6 6. O-O e5 7. d3 Nc6 8. Bg5
h6 9. Bxf6 Bxf6 10. Rb1 a5 11. a3 Be6 12. b4 axb4 13. axb4 Qc8 14. Nd5 Bxd5 15.
cxd5 Ne7 16. Qb3 Qd7 17. b5 Nc8 18. Nd2 Nb6 19. Nc4 Ra7 20. Nxb6 cxb6 21. Ra1
Rfa8 22. Rxa7 Rxa7 23. Rb1 Ra5 24. Bf3 h5 25. Qc4 Bg5 26. Kg2 Kg7 27. h3 Bd8
28. Kh2 Bg5 29. Kg2 Bf6 30. Kh2 Bg5 31. Kg2 Bf6 32. Kh2 Bg5 1/2-1/2

[Event "Lichtenrader Herbst 2014"]
[Site "Berlin-Lichtenrade"]
[Date "2014.10.25"]
[Round "8.17"]
[White "Bolk, Matthias"]
[Black "Donath, Johann"]
[Result "0-1"]
[WhiteElo "2095"]
[BlackElo "1973"]
[PlyCount "80"]
[EventDate "2014.??.??"]

1. e4 e5 2. Nc3 Nf6 3. f4 d5 4. fxe5 Nxe4 5. d3 Nxc3 6. bxc3 c5 7. Nf3 Nc6 8.
Be2 Be7 9. O-O O-O 10. d4 cxd4 11. cxd4 Bg4 12. Rb1 Qd7 13. c3 f6 14. Bf4 Rac8
15. h3 fxe5 16. Bxe5 Bf5 17. Rb2 Na5 18. Bb5 Qd8 19. Qe1 a6 20. Be2 Ba3 21. Qg3
Bg6 22. Rd2 Rxc3 23. Rd3 Rc2 24. Rxa3 Rxe2 25. Bc7 Qe7 26. Rxa5 Qe3+ 27. Kh1
Be4 28. Be5 g6 29. Rc5 Bxf3 30. gxf3 Qd3 31. Rc7 Rxe5 32. Rf2 Re1+ 33. Kg2 Qd1
34. Qh4 h5 35. Rxb7 Rg1+ 36. Kh2 Rh1+ 37. Kg3 Qg1+ 38. Rg2 Qe1+ 39. Rf2 Rg1+
40. Kh2 g5 0-1

[Event "Lichtenrader Herbst 2014"]
[Site "Berlin-Lichtenrade"]
[Date "2014.10.25"]
[Round "8.18"]
[White "Kreutzkamp, Hans-Rudolf"]
[Black "Flohr, Dennis"]
[Result "1/2-1/2"]
[WhiteElo "2195"]
[BlackElo "1853"]
[PlyCount "142"]
[EventDate "2014.??.??"]

1. e4 Nc6 2. Nf3 a6 3. d4 e6 4. c3 h6 5. Bd3 d6 6. Nbd2 Nf6 7. Nf1 b6 8. Ng3
Bb7 9. h3 Ne7 10. O-O g5 11. e5 Nfg8 12. Qc2 Qd7 13. Be4 O-O-O 14. Bxb7+ Kxb7
15. b4 f5 16. exf6 Nxf6 17. c4 Rg8 18. Bb2 g4 19. hxg4 Rxg4 20. Rfe1 h5 21. d5
e5 22. Bxe5 dxe5 23. Nxe5 Qc8 24. Nxg4 Qxg4 25. Qe2 Qxe2 26. Nxe2 b5 27. cxb5
axb5 28. Nf4 Nexd5 29. Ne6 Ra8 30. a3 Bd6 31. Nd4 c6 32. Nb3 Ng4 33. Na5+ Kc7
34. Rac1 Rxa5 35. bxa5 Bxa3 36. Rc2 Kb7 37. a6+ Kxa6 38. Rxc6+ Ka5 39. Ra1 Kb4
40. Rb1+ Ka5 41. Rc8 Nb6 42. Rc7 Ka6 43. Ra1 b4 44. Rc3 Kb5 45. Rcxa3 bxa3 46.
Rxa3 Nd5 47. f3 Ngf6 48. g3 Kc5 49. Ra1 Kd6 50. Re1 Nd7 51. Kg2 Ne5 52. f4 Nd3
53. Re8 N5xf4+ 54. gxf4 Nxf4+ 55. Kg3 Ne6 56. Rh8 h4+ 57. Rxh4 Ke5 58. Kf3 Nd4+
59. Kf2 Nf5 60. Rh8 Nd6 61. Ra8 Ke4 62. Ra4+ Ke5 63. Kf3 Nf5 64. Ra5+ Ke6 65.
Kf4 Nd6 66. Re5+ Kd7 67. Re1 Kc6 68. Ke5 Nf7+ 69. Ke6 Nd8+ 70. Ke7 Nb7 71. Re6+
Kd5 1/2-1/2

[Event "Lichtenrader Herbst 2014"]
[Site "Berlin-Lichtenrade"]
[Date "2014.10.25"]
[Round "8.19"]
[White "Kutschke, Jens"]
[Black "Bach, Markus"]
[Result "0-1"]
[WhiteElo "2008"]
[BlackElo "2087"]
[PlyCount "38"]
[EventDate "2014.??.??"]

1. e4 g6 2. d4 c6 3. Bd3 d5 4. e5 Bg7 5. f4 h5 6. Nf3 Nh6 7. Nc3 Bf5 8. O-O e6
9. Ne2 Bxd3 10. Qxd3 Nf5 11. b3 Na6 12. c4 Rc8 13. a4 dxc4 14. bxc4 c5 15. d5
Nb4 16. Qb1 exd5 17. Rd1 d4 18. Nexd4 Nxd4 19. Nxd4 Nc6 0-1

[Event "Lichtenrader Herbst 2014"]
[Site "Berlin-Lichtenrade"]
[Date "2014.10.25"]
[Round "8.20"]
[White "Baranowsky, Peter"]
[Black "Nowka, Oliver"]
[Result "0-1"]
[WhiteElo "2009"]
[BlackElo "2050"]
[PlyCount "110"]
[EventDate "2014.??.??"]

1. e4 c6 2. d4 d5 3. Nc3 b5 4. a3 a6 5. Nf3 Bg4 6. h3 Bh5 7. Be3 e6 8. Bd3 Nf6
9. O-O Be7 10. e5 Nfd7 11. Qe2 c5 12. g4 Bg6 13. dxc5 Nxc5 14. Nd4 Qd7 15. f4
Bxd3 16. cxd3 Nc6 17. Nxc6 Qxc6 18. Qc2 g6 19. Rac1 Rc8 20. Na2 Kd7 21. b4 Na4
22. Qf2 Qb7 23. Bd4 h5 24. g5 Rxc1 25. Nxc1 Rc8 26. Nb3 Rc7 27. Rc1 Rxc1+ 28.
Nxc1 a5 29. bxa5 Bxa3 30. Nb3 Qc6 31. Qd2 Kc7 32. Kf2 Kb7 33. Ke3 Be7 34. h4 b4
35. Ke2 Nc3+ 36. Ke1 Nb5 37. Bb6 d4 38. Nxd4 Qh1+ 39. Ke2 Nc3+ 40. Kf2 Qxh4+
41. Kg2 Nd5 42. Qc1 Qg4+ 43. Kh1 Qh3+ 44. Kg1 Nc3 45. Qd2 Qg3+ 46. Kh1 h4 47.
Nc2 Qf3+ 48. Kh2 Nd5 49. Be3 Nxe3 50. Qxe3 Qxe3 51. Nxe3 Bc5 52. Nc4 b3 53. Kh3
Be3 54. Nd6+ Ka6 55. Nc4 Bxf4 0-1

[Event "Lichtenrader Herbst 2014"]
[Site "Berlin-Lichtenrade"]
[Date "2014.10.26"]
[Round "9.3"]
[White "Stopa, Jacek"]
[Black "Meister, Jakob"]
[Result "1-0"]
[WhiteElo "2515"]
[BlackElo "2466"]
[PlyCount "129"]
[EventDate "2014.??.??"]

1. f4 Nc6 2. Nf3 d6 3. e4 e5 4. fxe5 dxe5 5. Bc4 Bc5 6. d3 Nf6 7. Bg5 h6 8. Bh4
Qd6 9. Nc3 Na5 10. Bb5+ c6 11. Ba4 b5 12. Bb3 Nxb3 13. axb3 O-O 14. Qd2 Bg4 15.
Rf1 Nd7 16. h3 Be6 17. Bf2 a5 18. g4 Bb4 19. Be3 a4 20. bxa4 bxa4 21. Kf2 Rfb8
22. Rfb1 c5 23. Qe2 a3 24. Nd1 a2 25. Rc1 c4 26. dxc4 Nf6 27. c3 Nxe4+ 28. Kg2
Bc5 29. b4 Bxe3 30. Nxe3 Ra3 31. Nd1 f5 32. Rxa2 Rxa2 33. Qxa2 fxg4 34. hxg4
Qd3 35. Qc2 Qxc4 36. Ne3 Qc6 37. Nxe5 Qb7 38. Kg1 Ng5 39. Re1 Ra8 40. Qg2 Qc8
41. c4 Ra3 42. Nf3 Nxf3+ 43. Qxf3 Qb8 44. Qe4 Qg3+ 45. Ng2 Bf7 46. Rd1 Qb8 47.
c5 Qc7 48. Qd4 Rb3 49. Qd8+ Qxd8 50. Rxd8+ Kh7 51. Rd4 Be8 52. Nh4 h5 53. gxh5
Bxh5 54. Nf5 Be8 55. Ne7 g5 56. c6 Rc3 57. b5 Kg7 58. Rd6 Kf7 59. Nd5 Rc5 60.
Nc7 Ke7 61. Re6+ Kd8 62. Nxe8 Rxb5 63. c7+ Kc8 64. Nd6+ Kxc7 65. Nxb5+ 1-0

[Event "Lichtenrader Herbst 2014"]
[Site "Berlin-Lichtenrade"]
[Date "2014.10.26"]
[Round "9.4"]
[White "Kalinitschew, Sergey"]
[Black "Giemsa, Stephan"]
[Result "1/2-1/2"]
[WhiteElo "2389"]
[BlackElo "2331"]
[PlyCount "122"]
[EventDate "2014.??.??"]

1. e4 e6 2. d4 d5 3. Nd2 dxe4 4. Nxe4 Nd7 5. Nf3 Ngf6 6. Nxf6+ Nxf6 7. Bd3 c5
8. O-O cxd4 9. Nxd4 Bc5 10. Nf3 O-O 11. Bg5 b6 12. Qe2 Bb7 13. Rad1 Qc7 14.
Bxf6 gxf6 15. Be4 Rfd8 16. Bxb7 Qxb7 17. Ne1 Rxd1 18. Qxd1 f5 19. Qh5 Qe4 20.
Qg5+ Kf8 21. Nd3 Bd4 22. Re1 Qc6 23. c3 Bg7 24. Nf4 h6 25. Qh4 Qd6 26. Nh5 Qd2
27. Qb4+ Kg8 28. Rf1 Rd8 29. g3 Bf8 30. Qb5 Bc5 31. Nf4 Bd6 32. Ng2 Bc5 33. a3
a6 34. Qb3 a5 35. a4 Qd5 36. Qb5 Qd3 37. Qb3 Qd5 38. Qc2 Qd2 39. Qb1 Qd3 40. b4
Bf8 41. bxa5 bxa5 42. Qb6 Rc8 43. Qxa5 Rxc3 44. Nf4 Qc4 45. Nh5 Qd4 46. Qb5 Ra3
47. a5 Ra2 48. a6 Kh7 49. Qe8 Kg8 50. Qc8 Qc5 51. Nf6+ Kg7 52. Nh5+ Kg8 53. Qb7
Qa5 54. Nf6+ Kg7 55. Ne8+ Kg6 56. Nc7 Bc5 57. Qc8 Rxf2 58. Qg8+ Kf6 59. Qh8+
Kg6 60. Qg8+ Kf6 61. Qh8+ Kg6 1/2-1/2

[Event "Lichtenrader Herbst 2014"]
[Site "Berlin-Lichtenrade"]
[Date "2014.10.26"]
[Round "9.5"]
[White "Milanovic, Danilo"]
[Black "Rietze, Clemens"]
[Result "1-0"]
[WhiteElo "2485"]
[BlackElo "2251"]
[PlyCount "67"]
[EventDate "2014.??.??"]

1. d4 Nf6 2. c4 c6 3. Nc3 d5 4. cxd5 cxd5 5. Bf4 Nc6 6. e3 a6 7. Bd3 e6 8. Nf3
Bd6 9. Bg5 h6 10. Bh4 b5 11. O-O Bb7 12. a4 b4 13. Na2 Be7 14. Nc1 Ne4 15. Bxe7
Nxe7 16. a5 O-O 17. Nb3 Qd6 18. Ne1 Rfb8 19. f3 Nf6 20. Rf2 Bc6 21. Rc2 Bb5 22.
Qd2 Nd7 23. Bxb5 Rxb5 24. Nd3 Nc6 25. Qe1 f6 26. Qg3 e5 27. dxe5 Ncxe5 28. Nd4
Rbb8 29. Nf5 Qf8 30. Rc7 Rd8 31. Nf4 Re8 32. Ng6 Nxg6 33. Qxg6 Rad8 34. Nxh6+
1-0